[Event "Bosnjaci op 28th"]
[Site "Bosnjaci"]
[Date "2024.01.07"]
[Round "7"]
[White "Plenkovic, Zdenko"]
[Black "Sajin, Mirko"]
[Result "1-0"]
[WhiteElo "2335"]
[BlackElo "2299"]
[PlyCount "75"]
[EventDate "2024.01.03"]
[EventType "swiss"]
[EventRounds "9"]
[EventCountry "CRO"]
[SourceTitle "CB02_2024"]
[SourceDate "2024.01.10"]
[SourceVersion "1"]
[SourceVersionDate "2024.01.10"]
[SourceQuality "1"]

1. g3 Nf6 2. Bg2 d5 3. Nf3 g6 4. 0-0 Bg7 5. c4 0-0 6. cxd5 Nxd5 7. Nc3 Nb6 8. d3 Nc6 9. Be3 Bf5 10. Qd2 e5 11. Rfc1 Ne7 12. Bh6 f6 13. Bxg7 Kxg7 14. d4 Nc6 15. dxe5 fxe5 16. Qxd8 Raxd8 17. Ng5 Rd2 18. Bxc6 bxc6 19. Nf3 Rxb2 20. Nxe5 c5 21. f4 Rd8 22. Kf2 Rdd2 23. Nf3 Rdc2 24. Ne1 Rd2 25. Rd1 Nc4 26. Rxd2 Nxd2 27. Nd1 Rb6 28. Rc1 Ne4+ 29. Kf3 Re6 30. Nc3 Nf6 31. Nd3 Ng4 32. e4 h5 33. h3 Rd6 34. hxg4 Rxd3+ 35. Ke2 Rxg3 36. gxf5 gxf5 37. e5 h4 38. Kf2 1-0

[Event "EU-ch Blitz"]
[Site "Zagreb"]
[Date "2023.12.16"]
[Round "5"]
[White "Plenkovic, Zdenko"]
[Black "Maksimovic, Bojan"]
[Result "0-1"]
[WhiteElo "2341"]
[BlackElo "2497"]
[PlyCount "104"]
[EventDate "2023.12.16"]
[EventType "swiss (blitz)"]
[EventRounds "13"]
[EventCountry "CRO"]
[SourceTitle "CB51_2023"]
[SourceDate "2023.12.20"]
[SourceVersion "1"]
[SourceVersionDate "2023.12.20"]
[SourceQuality "1"]

1. e4 e6 2. d4 a6 3. Bd3 d5 4. Nc3 c5 5. dxc5 Bxc5 6. exd5 exd5 7. Nxd5 Bxf2+ 8. Kxf2 Qxd5 9. Qe2+ Be6 10. Nf3 Nf6 11. Rf1 Qc5+ 12. Ke1 Nc6 13. Bg5 0-0-0 14. Bxf6 gxf6 15. Rf2 Rhe8 16. Kf1 Bxa2 17. Qd2 Bc4 18. Qf4 Bxd3+ 19. cxd3 Qd6 20. Qf5+ Kb8 21. Qxh7 Qxd3+ 22. Qxd3 Rxd3 23. Re1 Red8 24. g3 Kc7 25. Ree2 R8d6 26. Kg2 a5 27. h4 R3d5 28. g4 Kb6 29. Kg3 Rd3 30. Kg2 Kb5 31. h5 Kb4 32. h6 Rd8 33. Nd2 Ne5 34. Rf4+ Kb5 35. Ne4 R3d4 36. Nc3+ Kc4 37. Rxd4+ Rxd4 38. Re4 Ng6 39. h7 Rxe4 40. Nxe4 b5 41. Nxf6 a4 42. Nd7 Kb3 43. Ne5 Nh8 44. Kf3 Kxb2 45. Nd3+ Kc3 46. Nc1 a3 47. Ke4 b4 48. Na2+ Kb3 49. Nc1+ Kc2 50. Nd3 b3 51. Nb4+ Kc3 52. Nd5+ Kb2 0-1

[Event "Hum na Sutli op 15th"]
[Site "Hum na Sutli"]
[Date "2023.09.01"]
[Round "8"]
[White "Cvitkovic, Filip"]
[Black "Plenkovic, Zdenko"]
[Result "0-1"]
[WhiteElo "2122"]
[BlackElo "2345"]
[PlyCount "98"]
[EventDate "2023.08.26"]
[EventType "swiss"]
[EventRounds "9"]
[EventCountry "CRO"]
[SourceTitle "EXT 2024"]
[Source "ChessBase"]
[SourceDate "2023.10.10"]
[SourceVersion "1"]
[SourceVersionDate "2023.10.10"]
[SourceQuality "1"]

1. d4 Nf6 2. c4 g6 3. Nc3 Bg7 4. e4 d6 5. h3 0-0 6. Be3 e5 7. d5 a5 8. g4 Na6 9. Qd2 Nd7 10. Nge2 Ndc5 11. Ng3 Bf6 12. g5 Be7 13. h4 h6 14. 0-0-0 Bg4 15. Be2 Bxe2 16. Ncxe2 h5 17. Kb1 Qd7 18. Nc3 Qg4 19. Rdg1 Kh7 20. a3 a4 21. Qc2 Qd7 22. f4 exf4 23. Bxf4 Qg4 24. Rf1 f6 25. Rhg1 fxg5 26. Nf5 Qh3 27. Nxe7 Rxf4 28. Rxf4 gxf4 29. Rxg6 Re8 30. e5 Qd3 31. Qxd3 Nxd3 32. exd6 cxd6 33. Rxd6 Rxe7 34. Nxa4 Kg7 35. Kc2 f3 36. Re6 Rxe6 37. dxe6 f2 38. e7 Nc7 39. e8Q Nxe8 40. Kxd3 f1Q+ 41. Kc3 Qe1+ 42. Kc2 Qxh4 43. Nc5 Qf2+ 44. Kc3 Qxc5 45. b4 Qe3+ 46. Kb2 Nd6 47. c5 Nc4+ 48. Kb1 Qd2 49. c6 Qb2# 0-1

[Event "Hvar Arsenal blitz op"]
[Site "Hvar"]
[Date "2022.10.11"]
[Round "3"]
[White "Arnold, Jan1111"]
[Black "Plenkovic, Zdenko"]
[Result "0-1"]
[WhiteElo "1772"]
[BlackElo "2356"]
[PlyCount "84"]
[EventDate "2022.10.11"]
[EventType "swiss (blitz)"]
[EventRounds "11"]
[EventCountry "CRO"]
[SourceTitle "CBM 210 Extra"]
[Source "ChessBase"]
[SourceDate "2022.11.30"]
[SourceVersion "1"]
[SourceVersionDate "2022.11.30"]
[SourceQuality "1"]

1. e4 c5 2. Nc3 a6 3. a4 Nc6 4. f4 e6 5. Nf3 Nge7 6. g3 d5 7. d3 dxe4 8. dxe4 Nd4 9. Bg2 Nec6 10. Be3 Be7 11. 0-0 0-0 12. Bf2 Qb6 13. b3 Rd8 14. Nxd4 Nxd4 15. Qc1 Bd7 16. Kh1 Qa5 17. Na2 Bc6 18. Qb2 Qd2 19. Bxd4 Qxd4 20. c3 Qd2 21. Qc1 Bf6 22. b4 Bxa4 23. bxc5 Be7 24. Nb4 Qxc1 25. Rfxc1 Be8 26. Rd1 Bxc5 27. e5 Rxd1+ 28. Rxd1 Rb8 29. Rb1 Bxb4 30. Rxb4 b6 31. c4 a5 32. Rb1 Kf8 33. c5 b5 34. Kg1 b4 35. Kf2 b3 36. Ke3 a4 37. Kd3 a3 38. Kc3 b2 39. c6 Bxc6 40. Bxc6 a2 41. Rxb2 a1Q 42. Be4 Qxb2+ 0-1

[Event "Hvar Arsenal blitz op"]
[Site "Hvar"]
[Date "2022.10.11"]
[Round "1"]
[White "Sevelj, Berislav"]
[Black "Plenkovic, Zdenko"]
[Result "0-1"]
[WhiteElo "1719"]
[BlackElo "2356"]
[PlyCount "128"]
[EventDate "2022.10.11"]
[EventType "swiss (blitz)"]
[EventRounds "11"]
[EventCountry "CRO"]
[SourceTitle "CBM 210 Extra"]
[Source "ChessBase"]
[SourceDate "2022.11.30"]
[SourceVersion "1"]
[SourceVersionDate "2022.11.30"]
[SourceQuality "1"]

1. e4 c5 2. Nf3 a6 3. d4 cxd4 4. Nxd4 e5 5. Nf3 Nf6 6. Bd3 d5 7. Qe2 dxe4 8. Bxe4 Nxe4 9. Qxe4 Nc6 10. 0-0 f6 11. Bd2 Be6 12. Nc3 Be7 13. Rad1 0-0 14. h3 Qe8 15. Nd5 Bd8 16. Ne3 Qg6 17. Qxg6 hxg6 18. Nh4 g5 19. Nhf5 Bc7 20. c3 Rfd8 21. Bc1 Kf7 22. Rxd8 Rxd8 23. Rd1 Rxd1+ 24. Nxd1 Bxf5 25. g4 Be6 26. Ne3 Bxa2 27. Bd2 Ke6 28. Nf5 g6 29. Ng3 Bd5 30. Ne2 Bf3 31. Ng3 b5 32. Be3 a5 33. Bc5 a4 34. Bf8 Bd6 35. Bg7 Na5 36. Nf1 Nc4 37. Ne3 Nxe3 38. fxe3 Kf7 39. Bh6 Be7 40. Kf2 Be4 41. Kg3 Kg8 42. h4 Kh7 43. hxg5 fxg5 44. Bxg5 Bxg5 45. Kf2 Kg7 46. Ke2 Bh4 47. Kd2 Kf6 48. Kc1 Kg5 49. Kd2 Kxg4 50. Ke2 Kh3 51. Kf1 g5 52. Kg1 Bg3 53. Kf1 Bh2 54. Kf2 g4 55. Ke2 g3 56. b4 a3 57. Kd2 g2 58. c4 bxc4 59. b5 g1Q 60. b6 Bg3 61. Kc3 Qb1 62. Kxc4 Qxb6 63. Kc3 Be1+ 64. Kc4 Qb4# 0-1

[Event "CRO-chT1B 30th"]
[Site "Porec"]
[Date "2022.10.02"]
[Round "9.24"]
[White "Makovec, Bruno"]
[Black "Plenkovic, Zdenko"]
[Result "1-0"]
[WhiteElo "2258"]
[BlackElo "2367"]
[PlyCount "105"]
[EventDate "2022.09.24"]
[EventType "team-tourn"]
[EventRounds "9"]
[EventCountry "CRO"]
[SourceTitle "CBM 210 Extra"]
[Source "ChessBase"]
[SourceDate "2022.11.30"]
[SourceVersion "1"]
[SourceVersionDate "2022.11.30"]
[SourceQuality "1"]
[WhiteTeam "Mihovljan Sloboda"]
[BlackTeam "Bibinje Goran"]
[WhiteTeamCountry "CRO"]
[BlackTeamCountry "CRO"]

1. d4 Nf6 2. c4 g6 3. Nc3 Bg7 4. e4 d6 5. Nf3 0-0 6. Be2 e5 7. Be3 Nbd7 8. 0-0 h6 9. h3 b6 10. dxe5 dxe5 11. b4 Bb7 12. Qc2 c5 13. a3 Qe7 14. Rab1 Rfc8 15. Qd3 Bf8 16. Rfc1 Ne8 17. Nd5 Qd6 18. Bd1 Bc6 19. Qd2 Kh7 20. Qb2 Ng7 21. b5 Bb7 22. Nh2 Ne6 23. Bg4 Bg7 24. h4 Nd4 25. h5 Rf8 26. Qd2 Nf6 27. hxg6+ fxg6 28. f3 Ng8 29. Rf1 h5 30. Bh3 Rf7 31. Rbe1 Raf8 32. Kh1 Bh6 33. Bxh6 Nxh6 34. Qg5 Rg7 35. f4 Nf7 36. fxe5 Qb8 37. Qf6 Re8 38. e6 Ne5 39. Qg5 Bxd5 40. exd5 Nxc4 41. Nf3 Qd8 42. Qxd8 Rxd8 43. Ng5+ Kg8 44. Nf7 Rxf7 45. Rxf7 Nxb5 46. e7 Re8 47. Be6 Nc7 48. Rf8+ Kg7 49. Rxe8 Nxe8 50. Bd7 Kf7 51. Bxe8+ Kxe8 52. Re6 b5 53. d6 1-0

[Event "CRO-chT1B 29th"]
[Site "Mali Losinj"]
[Date "2021.10.03"]
[Round "11.52"]
[White "Pezelj, Novak"]
[Black "Plenkovic, Zdenko"]
[Result "1/2-1/2"]
[WhiteElo "2453"]
[BlackElo "2377"]
[PlyCount "149"]
[EventDate "2021.09.25"]
[EventType "team-tourn"]
[EventRounds "11"]
[EventCountry "CRO"]
[SourceTitle "CBM 204 Extra"]
[Source "ChessBase"]
[SourceDate "2021.11.30"]
[SourceVersion "1"]
[SourceVersionDate "2021.11.30"]
[SourceQuality "1"]
[WhiteTeam "Novo Virje Konaki"]
[BlackTeam "Dubrovnik"]
[WhiteTeamCountry "CRO"]
[BlackTeamCountry "CRO"]

1. e4 c5 2. Nf3 Nc6 3. Bb5 e6 4. 0-0 Nge7 5. Re1 a6 6. Bf1 d5 7. exd5 Nxd5 8. d4 Nf6 9. Be3 cxd4 10. Nxd4 Nxd4 11. Bxd4 Be7 12. c3 0-0 13. Nd2 b5 14. Qf3 Qd5 15. Be2 Bb7 16. Qh3 Rad8 17. Nf1 Qg5 18. Bf3 Bxf3 19. Qxf3 Qd5 20. Qe2 b4 21. Ne3 Qb7 22. Nf5 exf5 23. Qxe7 Qxe7 24. Rxe7 Nd5 25. Ra7 bxc3 26. bxc3 Rc8 27. Rc1 Rc6 28. Rd7 Nc7 29. Be3 Ne6 30. g3 Re8 31. Ra7 g5 32. Bd2 Kg7 33. Rd7 Kg6 34. f3 Rb8 35. Rc2 Rb1+ 36. Kf2 Rh1 37. Kg2 Rd1 38. c4 h5 39. Rd5 g4 40. f4 h4 41. Kf2 h3 42. Ke3 Nc7 43. Rd7 Nb5 44. c5 Re6+ 45. Kd3 Rf1 46. Be3 Re1 47. Bf2 Rd1+ 48. Rd2 Rc1 49. Rc2 Rxc2 50. Kxc2 Re2+ 51. Rd2 Rxd2+ 52. Kxd2 Kf6 53. Kd3 Ke6 54. Kc4 Na7 55. c6 Nxc6 56. Kc5 Ne7 57. a4 Nd5 58. a5 Nc3 59. Kb6 Kd5 60. Kxa6 Kc6 61. Ka7 Nb5+ 62. Kb8 Nc7 63. Kc8 Na6 64. Be3 Nb4 65. Bb6 Nd5 66. Bd8 Nb4 67. Be7 Nd3 68. Bd8 Nc5 69. Bb6 Ne4 70. Kb8 Kb5 71. Kb7 Nd6+ 72. Kc7 Ne4 73. Kb7 Nd6+ 74. Kc7 Ne4 75. Kb7 1/2-1/2

[Event "CRO-chT1B 29th"]
[Site "Mali Losinj"]
[Date "2021.09.29"]
[Round "6.2"]
[White "Milanovic, Danilo"]
[Black "Plenkovic, Zdenko"]
[Result "1-0"]
[WhiteElo "2408"]
[BlackElo "2377"]
[PlyCount "81"]
[EventDate "2021.09.25"]
[EventType "team-tourn"]
[EventRounds "11"]
[EventCountry "CRO"]
[SourceTitle "CBM 204 Extra"]
[Source "ChessBase"]
[SourceDate "2021.11.30"]
[SourceVersion "1"]
[SourceVersionDate "2021.11.30"]
[SourceQuality "1"]
[WhiteTeam "Vinkovci"]
[BlackTeam "Dubrovnik"]
[WhiteTeamCountry "CRO"]
[BlackTeamCountry "CRO"]

1. d4 Nf6 2. c4 g6 3. f3 Bg7 4. e4 d6 5. Ne2 0-0 6. Be3 c5 7. Qd2 Nc6 8. d5 Ne5 9. Nec3 e6 10. Be2 a6 11. a4 Qa5 12. Na3 exd5 13. cxd5 Bd7 14. Nc2 Qc7 15. 0-0 b5 16. axb5 axb5 17. Nxb5 Bxb5 18. Bxb5 Qb7 19. Qe2 Rab8 20. Na3 Ned7 21. Rad1 Ne8 22. Rd2 Qc8 23. Bg5 f6 24. Bf4 Ne5 25. Bxe5 fxe5 26. Bxe8 Qxe8 27. Nc4 Qd8 28. Ra1 Bh6 29. Rd3 Rb4 30. Rc3 Qb8 31. Ra6 Rd8 32. Rc2 Bf8 33. Na5 Qb5 34. Nc6 Rc8 35. Nxb4 Qxb4 36. g3 Rb8 37. Kg2 Qd4 38. Ra2 Qb4 39. h4 h5 40. Qd2 Qb5 41. Qg5 1-0

[Event "Solta op 4th"]
[Site "Grohote"]
[Date "2021.08.14"]
[Round "8"]
[White "Maksimovic, Bojan"]
[Black "Plenkovic, Zdenko"]
[Result "1/2-1/2"]
[WhiteElo "2425"]
[BlackElo "2358"]
[PlyCount "88"]
[EventDate "2021.08.08"]
[EventType "swiss"]
[EventRounds "9"]
[EventCountry "CRO"]
[SourceTitle "CBM 203 Extra"]
[Source "ChessBase"]
[SourceDate "2021.09.30"]
[SourceVersion "1"]
[SourceVersionDate "2021.09.30"]
[SourceQuality "1"]

1. e4 c5 2. Nf3 a6 3. c3 d5 4. exd5 Qxd5 5. d4 e6 6. Be3 cxd4 7. cxd4 Nf6 8. Nc3 Qa5 9. Bd3 Nc6 10. a3 Be7 11. 0-0 0-0 12. Ne4 Nxe4 13. Bxe4 Bd7 14. b4 Qb5 15. Qb1 Qh5 16. Rd1 f5 17. Ne5 Nxe5 18. dxe5 Ba4 19. Bf3 Qe8 20. Rc1 Qd7 21. Bc5 Rac8 22. Bxe7 Qxe7 23. Qd3 Rfd8 24. Qe3 Qd7 25. Rxc8 Rxc8 26. h3 Qc7 27. Re1 b6 28. Be2 a5 29. Bf1 Qc3 30. Qxb6 Rc6 31. Qd8+ Kf7 32. Qd7+ Kf8 33. Qd8+ Kf7 34. Re3 Qa1 35. Qd7+ Kf8 36. Qd8+ Kf7 37. Qxa5 Rc1 38. Qa7+ Kf8 39. Qa6 f4 40. Re4 g5 41. Qd3 Bc6 42. Qd8+ Be8 43. Qf6+ Bf7 44. Qd8+ Be8 1/2-1/2